| 000 | 00932nam a2200253 a 4500 | ||
|---|---|---|---|
| 001 | 62750 | ||
| 003 | BD-RjUL | ||
| 005 | 20211209081123.0 | ||
| 008 | 170125s1994 dcua b i000 0 eng | ||
| 020 | _a082132876X | ||
| 035 | _a(BD-RjUL)62877 | ||
| 040 |
_aDLC _cDLC _d(BD-RjUL _beng |
||
| 041 | _aeng | ||
| 082 | 0 | 0 |
_a338.6420959 _223 _bIND 1994 |
| 245 | 1 | 0 |
_aIndustrial structures and the development of small and medium enterprise linkages : _bexamples from East Asia / _cedited by Saha Dehevan Meyanathan. |
| 260 |
_aWashington, D.C. : _bWorld Bank, _cc1994. |
||
| 300 |
_av, 158 p. : _bill. ; _c28 cm. |
||
| 504 | _aIncludes bibliographical references (p. 151-158). | ||
| 650 | 0 |
_aSmall business _zSoutheast Asia _vCase studies. _9186526 |
|
| 651 | 0 |
_aSoutheast Asia _xEconomic conditions _vCase studies. _9186527 |
|
| 700 | 1 |
_aMeyanathan, Saha Dhevan, _d1948- _9186528 |
|
| 942 |
_2ddc _cBK |
||
| 999 |
_c62750 _d62750 |
||